Τεύκρος Ανθίας : μια παρουσίαση από τον Κώστα Νικολαϊδη
Αποθηκεύτηκε σε:
| Κύριος συγγραφέας: | |
|---|---|
| Μορφή: | Βιβλίο |
| Γλώσσα: | Greek |
| Δημοσίευση: |
Αθήνα :
Γαβριηλίδης,
2001
|
| Σειρά: | Εκ νέου ;
; 11 |
| Θέματα: | |
| Ετικέτες: |
Προσθήκη ετικέτας
Δεν υπάρχουν, Καταχωρήστε ετικέτα πρώτοι!
|
MARC
| LEADER | 00000cam a2200000 i 4500 | ||
|---|---|---|---|
| 001 | 1/17740 | ||
| 008 | 120213s2001 gre d | ||
| 035 | |l 10111824 | ||
| 040 | |a GR-MY-UA |b gre |e aacr | ||
| 041 | 0 | |a gre | |
| 082 | 0 | |a 889.14 |2 (22) | |
| 100 | 1 | |a Νικολαΐδης, Κώστας Ν., |d 1922- | |
| 245 | 1 | 0 | |a Τεύκρος Ανθίας : |b μια παρουσίαση από τον Κώστα Νικολαϊδη / |c Κώστας Νικολαϊδης |
| 260 | |a Αθήνα : |b Γαβριηλίδης, |c 2001 | ||
| 300 | |a 103 σ.; |c 20 εκ. | ||
| 490 | 1 | |a Εκ νέου |v ; 11 | |
| 600 | 1 | 0 | |a Ανθίας, Τεύκρος. |
| 650 | 0 | 0 | |a Cyprian poetry. |
| 830 | 0 | |a Εκ νέου ; |v ; 11 | |
| 852 | |a INST |b RHODES |e 20120213 |h 889.14 ΝΙΚ |p 005400034030 |q 005400034030 |t BK |y 0 | ||
| 901 | |a BIBL4-2012-1 | ||
| 909 | |a Ρ |b 170673 | ||
| 922 | |a 4ΕΛΗ | ||
| 970 | |z 2012/02/13 | ||